| 000 | 00934nam a2200289Ia 4500 | ||
|---|---|---|---|
| 001 | Z_2341 | ||
| 003 | CHAP | ||
| 008 | 220113s1993 xx 000 0 und d | ||
| 010 | _a165398 | ||
| 040 | _cCHAP | ||
| 090 | _aTesis A 851 | ||
| 100 |
_aAngeles del Villar, Luis R _95767 |
||
| 245 |
_aEvaluación biológica de variedades puras y mezclas de sorgos amargos y dulces en dietas para pollos de engorda en iniciación y finalización / _cpor Luis R Angeles del Villar |
||
| 260 |
_aChapingo, Méx. : _bEl autor, _c1993 |
||
| 300 | _a25 h. | ||
| 502 | _aTesis (Ing. Agr. Esp. en Zootecnia) -- UACH. Departamento de Zootecnia | ||
| 650 |
_aAves de corral _xAlimentación _98638 |
||
| 650 |
_aAves de corral _xEngorda _98647 |
||
| 650 |
_aSorgo _xValor nutritivo _9108733 |
||
| 650 |
_aSorgo _xVariedades _9108734 |
||
| 901 | _aTESIS A 851 | ||
| 902 | _aM | ||
| 910 | _a1993 | ||
| 942 | _c2 | ||
| 942 | _c2 | ||
| 999 |
_c165398 _d165398 |
||